Richest Landlocked Countries NOT In Europe - Statistics

General Stats
  • This quiz has been taken 87 times
  • The average score is 8 of 10
Answer Stats
GDP per capita Hint Answer % Correct
$7,200 South America Bolivia
95%
$9,500 South America Paraguay
94%
$25,700 Asia Kazakhstan
92%
$12,200 Asia Mongolia
84%
$8,100 Asia Bhutan
83%
$17,300 Asia Turkmenistan
83%
$17,700 Asia Azerbaijan
79%
$16,900 Africa Botswana
78%
$8,900 Asia Armenia
77%
$9,800 Africa Swaziland
47%
No matching quizzes found
Score Distribution
Percent of People with Each Score
Percentile by Number Answered
Your Score History
You have not taken this quiz